| 000 | 00523nam a2200157 i 4500 | ||
|---|---|---|---|
| 001 | 77221 | ||
| 003 | ES-MaACL | ||
| 005 | 20230906173124.0 | ||
| 007 | t| | ||
| 008 | 041007s1967 sp ||||1| spa d | ||
| 100 | 1 |
_aGutiérrez Lasanta, Francisco. _961171 |
|
| 245 | 1 | 3 |
_aLa santa peninsular Isabel, Infanta de Aragón y reina de Portugal / _cFrancisco Gutiérrez Lasanta. |
| 260 |
_a[S.l. : _bs.n., _c1967] ( _eZaragoza : _fImp. El Noticiero) |
||
| 300 |
_a166 p., 1 lám. ; _c21 cm. |
||
| 852 |
_aES-MaACL _jC-31849 _bR.62501 |
||
| 999 |
_c77221 _d77221 |
||